000 00713nam a2200229Ia 4500
003 OSt
005 20220925174233.0
006 a|||||r|||| 00| 0
007 ta
008 220923b |||||||| |||| 00| 0 eng d
037 _cGeneral Book
040 _aRTL
_cRTL
_beng
041 _2eng
_aeng
082 _aY:1.580K49.B, L0
100 _aGafurov B et al...
_9246281
245 0 _aKushan studies in U S S R
_b Papers presented by the
260 _aCalcutta
_bIndian Studies India
_c1970
300 _a186p
_ccm.
490 _aSoviet Indology Series. 3. Indian Studies , Past and Present
942 _hY:1.580K49.B, L0
_cGB
_2CC
999 _c490353
_d490353